MARC details
| 000 -CABECERA |
| campo de control de longitud fija |
02450nam a22002537a 4500 |
| 003 - IDENTIFICADOR DEL NÚMERO DE CONTROL |
| campo de control |
MX-MxUPN |
| 005 - FECHA Y HORA DE LA ÚLTIMA TRANSACCIÓN |
| campo de control |
20240624153451.0 |
| 008 - ELEMENTOS DE LONGITUD FIJA--INFORMACIÓN GENERAL |
| campo de control de longitud fija |
240617s2014 mx ||||gr|||| 00| 0 spa d |
| 020 ## - NÚMERO INTERNACIONAL NORMALIZADO PARA LIBROS |
| Número Internacional Estándar del Libro |
9786078413422 |
| 040 ## - FUENTE DE LA CATALOGACIÓN |
| Centro catalogador/agencia de origen |
MX-MxUPN |
| Lengua de catalogación |
spa |
| 041 ## - CÓDIGO DE IDIOMA |
| Código de lengua del texto/banda sonora o título independiente |
spa |
| 050 #4 - SIGNATURA TOPOGRÁFICA DE LA BIBLIOTECA DEL CONGRESO |
| Número de clasificación |
H62.5 M6 |
| Número de documento/Ítem |
A34 2014 |
| 245 03 - MENCIÓN DE TÍTULO |
| Título |
Un acercamiento a la investigación en ciencias sociales |
| 250 ## - MENCIÓN DE EDICIÓN |
| Mención de edición |
Primera edición |
| 260 ## - PUBLICACIÓN, DISTRIBUCIÓN, ETC. |
| Lugar de publicación, distribución, etc. |
Tuxtla Gutierrez, Chiapas : |
| Nombre del editor, distribuidor, etc. |
Universidad Autónoma de Chiapas, Facultad de Ciencias Sociales : |
| -- |
Programa Integral de Fortalecimiento Institucional, |
| Fecha de publicación, distribución, etc. |
2014. |
| 300 ## - DESCRIPCIÓN FÍSICA |
| Extensión |
248 páginas |
| 504 ## - NOTA DE BIBLIOGRAFÍA, ETC. |
| Nota de bibliografía, etc. |
Incluye bibliografía. |
| 505 00 - NOTA DE CONTENIDO CON FORMATO PREESTABLECIDO |
| Título |
Capítulo I. El método científico y la investigación en Derecho / |
| Mención de responsabilidad |
Roberto Martínez Coronel, Raúl Vázquez Gutiérrez e Ivett Reyes-Guillén -- |
| Título |
Capítulo II.El problema de investigación en las ciencias sociales. Entre la historia y la sociología / |
| Mención de responsabilidad |
Xóchilt F. Poblete Naredo, Margarita de J. Guitiérrez Narvaéz y Carlos Arcos Vázquez -- |
| Título |
Capítulo III. Hacia una aproximación teórico-metodológica del análisis crítico en la historia : el caso del análisis de discurso y la historia regional / |
| Mención de responsabilidad |
Adrián Enrique Nakamura Hernández y Ulises Antonio Gómez Vázquez |
| Título |
Capítulo IV. Los archivos : fuente para la construcción de la memoria histórica. Expectativas y realidades / |
| Mención de responsabilidad |
Patria Gutiérrez Casillas y Vanessa Magaly Moreno Coello -- |
| Título |
Capítulo V. Experiencias de aprendizaje : diseño de investigación en salud pública / |
| Mención de responsabilidad |
José Luis González Torres -- |
| Título |
Capítulo VI. Pasos para la integración del proyecto de tesis. La experiencia en economía UNACH / |
| Mención de responsabilidad |
Gustavo Raúl Zárate Vargas, María Angelina Villafuerte Franco y Juan Toledo Medina -- |
| Título |
Capítulo VII. El uso del muestreo en otros campos de investigación que no sean propiamente estadísticos. El caso de una evaluación en regiones socioeconómicas de Chiapas / |
| Mención de responsabilidad |
Carlomagno de Jesús Guillén Navarro y Sandra Aurora González Sánchez -- |
| Título |
Capítulo VIII. Aplicación de las Tecnologías de la Información y la Comunicación (TIC) en las ciencias sociales / |
| Mención de responsabilidad |
Sonia Janet Pineda Morales, Luis Enrique Nájera Ortíz y José Luis Pineda Flores. |
| 650 #4 - ASIENTO SECUNDARIO DE MATERIA - TERMINO TEMATICO |
| 9 (RLIN) |
10471 |
| Término de materia o nombre geográfico como elemento de entrada |
Ciencias sociales |
| Subdivisión general |
Investigación |
| Subdivisión geográfica |
México |
| 650 #4 - ASIENTO SECUNDARIO DE MATERIA - TERMINO TEMATICO |
| 9 (RLIN) |
6208 |
| Término de materia o nombre geográfico como elemento de entrada |
Ciencias sociales |
| Subdivisión general |
Metodología |
| 700 1# - ASIENTO SECUNDARIO--NOMBRE DE PERSONAL |
| 9 (RLIN) |
52530 |
| Nombre de persona |
Reyes Guillén, Flor Ivett |
| Término indicativo de función/relación |
coordinación |
| 902 ## - ELEMENTOS DE DATOS B LOCAL, LDB (RLIN) |
| Creó |
Universidad Autónoma de Chiapas |
| Modificó |
MaríaRobles/240624 |
| 942 ## - ELEMENTOS DE PUNTO DE ACCESO ADICIONAL (KOHA) |
| Fuente del sistema de clasificación o colocación |
Library of Congress Classification |
| Tipo de ítem Koha |
Libro |
| Suprimir en OPAC |
No |